| 000 | 00516nam a2200133Ia 4500 | ||
|---|---|---|---|
| 008 | 250506s9999 xx 000 0 und d | ||
| 024 | _a17B-006-CE,17B-016-CE,17B-027-CE&17B-050-CE | ||
| 082 | _a004.781072 AFI | ||
| 100 | _aMaria Abbasi,Laiba Mughal, Afifa Rehman & Soha Siddiqui | ||
| 245 | 0 | _aRouting / Linking Communication Networks of Multi-Brand PLCs by Port Incorporation Employing SCADA | |
| 260 |
_aKarachi: _bUIT, _c2017 |
||
| 600 | _aComputer System Engineering | ||
| 650 | _aBachelor of Engineering (BE) | ||
| 999 |
_c28968 _d28968 |
||